000
00247nam a2200097Ia 4500
005
20251222114408.0
008
251222s1900||||xx |||||||||||||| ||spa||
082
_a
DVD0040/G74/2006
245
0
_a
Piratas del Caribe: el cofre de la muerte:
942
_c
DVD
999
_c
1931
_d
1931